[Event "C.to Italiano Semifinale"]
[Site "Saint Vincent - Chatillon ITA"]
[Date "1999.06.27"]
[Round "9"]
[White "Mauro, Alan"]
[Black "Buchicchio, Giancarlo"]
[Result "1-0"]
[WhiteElo "2263"]
[BlackElo "1771"]
[PlyCount "41"]
[EventDate "1999.06.20"]

1. e4 Nf6 2. Nc3 d5 3. e5 d4 4. Nce2 d3 5. exf6 dxe2 6. Bxe2 Nc6 7. Nf3 Bf5 8.
c3 gxf6 9. d4 e6 10. Qb3 Qd7 11. Qxb7 Rb8 12. Qa6 Bc2 13. b3 Rg8 14. Nd2 Kd8
15. Qa4 Qd6 16. Bf3 Nb4 17. O-O Bd3 18. Qxa7 Rb6 19. Nc4 Bxc4 20. bxc4 Nc2 21.
c5 1-0

[Event "C.to Italiano Semifinale"]
[Site "Saint Vincent - Chatillon ITA"]
[Date "1999.06.27"]
[Round "9"]
[White "Nannelli, Paolo"]
[Black "Collutiis, Duilio"]
[Result "0-1"]
[WhiteElo "2239"]
[BlackElo "2196"]
[PlyCount "82"]
[EventDate "1999.06.20"]

1. d4 Nf6 2. Nf3 e6 3. Bf4 c5 4. e3 Nc6 5. c3 a6 6. a4 Be7 7. h3 Qb6 8. Qc2 d5
9. Nbd2 Bd7 10. Bd3 Rc8 11. Qb1 h6 12. O-O g5 13. Be5 Rg8 14. Bh2 h5 15. Ne5 g4
16. hxg4 hxg4 17. Bg3 Nh5 18. Nxc6 Bxc6 19. a5 Qd8 20. Be5 Bf6 21. Bxf6 Qxf6
22. Qe1 Rh8 23. f4 Qh6 24. Qh4 g3 25. Rf3 f5 26. Kf1 Rc7 27. Ke2 Rg7 28. Rg1
Rg4 29. Qh3 Qf6 30. Rh1 Nxf4+ 31. exf4 Rxh3 32. Rxh3 cxd4 33. cxd4 Qxd4 34. Re3
Qxf4 35. Nf3 Rg6 36. Rh4 Qd6 37. Bxf5 Rf6 38. Rh8+ Kd7 39. Ne5+ Kc7 40. Rh7+
Kb8 41. Nxc6+ Qxc6 0-1

[Event "C.to Italiano Semifinale"]
[Site "Saint Vincent - Chatillon ITA"]
[Date "1999.06.27"]
[Round "9"]
[White "Pegoraro, Nicola"]
[Black "Valenti, Giuseppe"]
[Result "1/2-1/2"]
[WhiteElo "2072"]
[BlackElo "2200"]
[PlyCount "129"]
[EventDate "1999.06.20"]

1. e4 c5 2. Nf3 e6 3. d4 cxd4 4. Nxd4 a6 5. Bd3 Qc7 6. Be3 Nf6 7. O-O Be7 8.
Nc3 d6 9. f4 Nc6 10. Qf3 O-O 11. Qg3 g6 12. Nxc6 bxc6 13. f5 Nh5 14. Qf3 Bf6
15. g4 Ng7 16. e5 Bxe5 17. fxg6 hxg6 18. Bxg6 d5 19. Qh3 fxg6 20. Rxf8+ Kxf8
21. Qh8+ Kf7 22. Rf1+ Nf5 23. Qh7+ Bg7 24. gxf5 exf5 25. Ne2 Qe7 26. Bd4 Qg5+
27. Kf2 Qh6 28. Qxg7+ Qxg7 29. Bxg7 Kxg7 30. Nd4 Bd7 31. Re1 Kf6 32. b4 a5 33.
a3 axb4 34. axb4 Ra4 35. c3 Ra2+ 36. Re2 Rxe2+ 37. Kxe2 g5 38. Ke3 Be8 39. Kf3
Ke5 40. Ke3 f4+ 41. Kf3 Bd7 42. Nb3 g4+ 43. Kf2 Be8 44. Nc5 d4 45. cxd4+ Kxd4
46. Ne6+ Ke4 47. Nc5+ Kf5 48. Nb7 Bf7 49. b5 cxb5 50. Nd6+ Kf6 51. Nxb5 Kg5 52.
Nd4 Bd5 53. Ne2 Bc4 54. Nd4 Kh4 55. Nf5+ Kh3 56. Kg1 Bd3 57. Nd4 Bc4 58. Nf5
Bd5 59. Nd4 Kh4 60. Kf2 Kh3 61. Kg1 Bc4 62. Nf5 Bd3 63. Nd4 f3 64. Kf2 Be4 65.
Kg1 1/2-1/2

[Event "C.to Italiano Semifinale"]
[Site "Saint Vincent - Chatillon ITA"]
[Date "1999.06.27"]
[Round "9"]
[White "Ranieri, Fabrizio"]
[Black "D'Innocente, Stefano"]
[Result "1/2-1/2"]
[WhiteElo "2166"]
[BlackElo "1693"]
[PlyCount "39"]
[EventDate "1999.06.20"]

1. e4 c5 2. Nf3 d6 3. d4 cxd4 4. Nxd4 Nf6 5. Nc3 e6 6. Bg5 a6 7. f4 Be7 8. Qf3
Qc7 9. O-O-O Nbd7 10. g4 b5 11. Bxf6 gxf6 12. a3 O-O 13. Rg1 Kh8 14. Qh3 Rg8
15. Bd3 Nc5 16. Qh5 Rg7 17. f5 Bd7 18. h4 Rag8 19. Kb1 Qb6 20. g5 1/2-1/2

[Event "C.to Italiano Semifinale"]
[Site "Saint Vincent - Chatillon ITA"]
[Date "1999.06.27"]
[Round "9"]
[White "Retter, Martin"]
[Black "Camerini, Lorenzo"]
[Result "1/2-1/2"]
[WhiteElo "1588"]
[BlackElo "1621"]
[PlyCount "115"]
[EventDate "1999.06.20"]

1. c4 b6 2. Nc3 c5 3. e3 Bb7 4. d4 cxd4 5. exd4 Nf6 6. Nf3 e6 7. Bd3 Be7 8. O-O
O-O 9. Be3 d6 10. Rb1 Nbd7 11. Nd2 d5 12. b3 a6 13. Qe2 Bb4 14. Rfc1 Qe7 15.
Nf3 Rfc8 16. Bd2 Bd6 17. cxd5 exd5 18. Qxe7 Bxe7 19. Bf5 Re8 20. Ne5 Nxe5 21.
dxe5 Ne4 22. Nxe4 dxe4 23. Rc7 Bd5 24. Bf4 g6 25. Bd7 Red8 26. Bc6 Bxc6 27.
Rxc6 Bc5 28. h3 Rd5 29. b4 Bd4 30. Rd6 Rd8 31. Rxd8+ Rxd8 32. Re1 b5 33. Rxe4
Bc3 34. e6 f5 35. e7 Re8 36. Re6 Bxb4 37. Rxa6 Bxe7 38. Rb6 b4 39. Bd2 Bc5 40.
Rb5 Re2 41. Rxc5 Rxd2 42. Rb5 Rb2 43. Rb7 h5 44. f3 Kf8 45. g4 Rxa2 46. Rxb4
fxg4 47. fxg4 Kg7 48. gxh5 gxh5 49. h4 Kg6 50. Rf4 Re2 51. Kf1 Rb2 52. Kg1 Rb5
53. Kg2 Rd5 54. Kh2 Ra5 55. Kg3 Re5 56. Rf3 Re1 57. Kg2 Re4 58. Kg3 1/2-1/2

[Event "C.to Italiano Semifinale"]
[Site "Saint Vincent - Chatillon ITA"]
[Date "1999.06.27"]
[Round "9"]
[White "Rettore, Ludwig"]
[Black "Costantini, Roberto"]
[Result "1/2-1/2"]
[WhiteElo "1675"]
[BlackElo "2158"]
[PlyCount "63"]
[EventDate "1999.06.20"]

1. e4 c5 2. Nf3 d6 3. d4 cxd4 4. Nxd4 Nf6 5. Nc3 a6 6. Be2 e5 7. Nb3 Be7 8. O-O
O-O 9. Be3 Be6 10. f4 Qc7 11. f5 Bc4 12. a4 Nbd7 13. a5 b5 14. axb6 Nxb6 15.
Nd2 Bxe2 16. Qxe2 Qb7 17. Kh1 Rfc8 18. Bxb6 Qxb6 19. Nc4 Qc5 20. Ra4 g6 21.
fxg6 hxg6 22. b3 Kg7 23. Qf3 Rf8 24. Raa1 Ra7 25. Rad1 Nh5 26. Qg4 Rh8 27. Nd5
Bd8 28. Nde3 Nf6 29. Qf3 Rd7 30. Nd5 Nh7 31. Qg4 Qc6 32. Rd2 1/2-1/2

[Event "C.to Italiano Semifinale"]
[Site "Saint Vincent - Chatillon ITA"]
[Date "1999.06.27"]
[Round "9"]
[White "Sarno, Spartaco"]
[Black "Caposciutti, Maurizio"]
[Result "1/2-1/2"]
[WhiteElo "2358"]
[BlackElo "2273"]
[PlyCount "44"]
[EventDate "1999.06.20"]

1. c4 e5 2. Nc3 Nf6 3. Nf3 Nc6 4. g3 Bb4 5. Bg2 d6 6. O-O O-O 7. d3 Bxc3 8.
bxc3 Rb8 9. Ne1 e4 10. Nc2 exd3 11. exd3 Bg4 12. f3 Be6 13. f4 Bg4 14. Qd2 Qd7
15. Ne3 Bh3 16. f5 Bxg2 17. Qxg2 Ne5 18. g4 Nxd3 19. g5 Nh5 20. Qh3 Nxc1 21.
Qxh5 Rfe8 22. Rf3 Ne2+ 1/2-1/2

[Event "C.to Italiano Semifinale"]
[Site "Saint Vincent - Chatillon ITA"]
[Date "1999.06.27"]
[Round "9"]
[White "Scavo, Fernando"]
[Black "Tatai, Stefano"]
[Result "0-1"]
[WhiteElo "2301"]
[BlackElo "2359"]
[PlyCount "74"]
[EventDate "1999.06.20"]

1. e4 c5 2. c3 d6 3. d4 Nf6 4. Bd3 Nc6 5. Nf3 e5 6. d5 Nb8 7. O-O g6 8. Nbd2
Bg7 9. b4 cxb4 10. cxb4 O-O 11. Rb1 Nbd7 12. Nc4 Nb6 13. Nfd2 Ne8 14. Nxb6 Qxb6
15. Nc4 Qd8 16. Be3 f5 17. f3 f4 18. Bf2 g5 19. Be2 Rf7 20. Qa4 Bd7 21. Qa5 b6
22. Qa3 Bf8 23. Qb3 h5 24. h3 Rg7 25. b5 g4 26. fxg4 hxg4 27. Bxg4 Bxg4 28.
hxg4 Qg5 29. Qf3 Nf6 30. Rb3 Nxg4 31. Rc3 Rc8 32. Rfc1 Qh6 33. Nd2 Rxc3 34.
Qxc3 Qh2+ 35. Kf1 Nxf2 36. Kxf2 Rxg2+ 37. Ke1 Qg1+ 0-1

[Event "C.to Italiano Semifinale"]
[Site "Saint Vincent - Chatillon ITA"]
[Date "1999.06.27"]
[Round "9"]
[White "Tocco, Paolo"]
[Black "Castaldo, Folco"]
[Result "1/2-1/2"]
[WhiteElo "2150"]
[BlackElo "2192"]
[PlyCount "106"]
[EventDate "1999.06.20"]

1. e4 e6 2. d4 d5 3. Nd2 c5 4. dxc5 Bxc5 5. Nb3 Bb6 6. Bb5+ Nc6 7. exd5 exd5 8.
Ne2 Nge7 9. O-O O-O 10. c3 Bg4 11. Bg5 f6 12. Bh4 Re8 13. Qd2 Ng6 14. Bg3 a6
15. Bd3 Nce5 16. Bxg6 hxg6 17. Ned4 Qd7 18. Rfe1 Nc4 19. Qc2 Bf5 20. Nxf5 Qxf5
21. Re2 Re4 22. Rxe4 Qxe4 23. Rc1 Re8 24. Kf1 f5 25. Qxe4 dxe4 26. Nd4 Nxb2 27.
Rb1 Nc4 28. Rb4 Rc8 29. Ke2 Bxd4 30. cxd4 b6 31. f3 Kf7 32. fxe4 fxe4 33. Bf2
Ke6 34. d5+ Kxd5 35. Bxb6 Rb8 36. Ba5 Rxb4 37. Bxb4 g5 38. h3 Ke6 39. Bc3 g6
40. Be1 Kf5 41. Bg3 Ne5 42. Ke3 g4 43. hxg4+ Nxg4+ 44. Kd4 Nf6 45. Be5 Nh5 46.
g4+ Kxg4 47. Kxe4 Ng3+ 48. Kd5 Ne2 49. a4 Kf5 50. a5 g5 51. Bh2 g4 52. Kc6 Nd4+
53. Kb6 Nb3 1/2-1/2

[Event "C.to Italiano Semifinale"]
[Site "Saint Vincent - Chatillon ITA"]
[Date "1999.06.27"]
[Round "9"]
[White "Wild, Alexander"]
[Black "Ferri, Stefano"]
[Result "0-1"]
[WhiteElo "1732"]
[BlackElo "2091"]
[PlyCount "124"]
[EventDate "1999.06.20"]

1. e4 c5 2. Nf3 e6 3. d4 cxd4 4. Nxd4 a6 5. Be2 Qc7 6. Nc3 Nf6 7. O-O Be7 8.
Be3 Nc6 9. f4 d6 10. Nf3 b5 11. a3 Bb7 12. Ng5 h6 13. Nh3 Rd8 14. Qe1 d5 15.
exd5 Nxd5 16. Nxd5 Rxd5 17. Qf2 O-O 18. Bf3 Rd7 19. Be4 Bf6 20. c3 Ne7 21. Bxb7
Qxb7 22. Rad1 Rfd8 23. Rxd7 Rxd7 24. Qe2 Nf5 25. Bc1 Qd5 26. Nf2 Nh4 27. Ne4
Bd8 28. Ng3 Bb6+ 29. Kh1 f5 30. Re1 Bc5 31. Nf1 Rd6 32. h3 Bb6 33. Kh2 e5 34.
fxe5 Rg6 35. Ng3 Bc7 36. Bf4 Re6 37. Qf2 g5 38. Nh5 Kf7 39. Re2 Bb6 40. Qg3 Qd1
41. Qe1 Qxe1 42. Rxe1 gxf4 43. Nxf4 Re8 44. e6+ Kf8 45. Nd5 Bd8 46. Re5 Be7 47.
Re3 Bd6+ 48. g3 Ng6 49. Kg2 Kg7 50. Kf3 Ne5+ 51. Ke2 Rxe6 52. Nf4 Re8 53. Kd1
Kf7 54. Kc2 Nc4 55. Rxe8 Kxe8 56. Ne2 Ne3+ 57. Kd3 Nf1 58. g4 fxg4 59. hxg4 Nh2
60. Ke4 Nxg4 61. Nd4 Kd7 62. a4 bxa4 0-1

[Event "XIV Festival A"]
[Site "Bolzano - Bozen ITA"]
[Date "1999.06.12"]
[Round "1"]
[White "Anderton, David W."]
[Black "Gleizerov, Evgeny"]
[WhiteElo "2205"]
[BlackElo "2518"]
[Result "0-1"]
[PlyCount "96"]
[EventDate "1999.06.12"]

1.d4 e6 2.c4 f5 3.g3 Nf6 4.Bg2 c6 5.Nf3 d5 6.Qc2 Bd6 7.O-O O-O 8.b3 Qe7 9.
Bf4 Bxf4 10.gxf4 Ne4 11.Ne5 Nd7 12.f3 Nd6 13.e3 Nf7 14.Nd2 Ndxe5 15.fxe5 
f4 16.e4 b6 17.Rac1 Bb7 18.exd5 cxd5 19.c5 bxc5 20.Qxc5 Qd7 21.Qa5 Rfc8 
22.b4 Qe7 23.Rc5 Rxc5 24.bxc5 Bc6 25.Rb1 Re8 26.Qa6 Qc7 27.Rb4 Re7 28.Nb3 
Be8 29.h4 g5 30.Bh3 Kg7 31.Bxe6 Nxe5 32.Bxd5 Nc6 33.hxg5 Kf8 34.Bxc6 Bxc6 
35.Qd3 a5 36.Rb6 Qd7 37.Rb8+ Kg7 38.d5 Re5 39.Qd4 Qxd5 40.Qxd5 Bxd5 41.
Nxa5 Rxg5+ 42.Kf2 Rg3 43.Rb3 Bxb3 44.axb3 Kf6 45.Nc6 Rg5 46.b4 h5 47.Nd4 
h4 48.c6 h3 0-1

[Event "XIV Festival A"]
[Site "Bolzano - Bozen ITA"]
[Date "1999.06.12"]
[Round "1"]
[White "Belotti, Bruno"]
[Black "Bonazzi, Edoardo"]
[WhiteElo "2441"]
[BlackElo "2029"]
[Result "1-0"]
[PlyCount "67"]
[EventDate "1999.06.12"]

1.e4 c5 2.Nf3 e6 3.d3 Nc6 4.g3 d5 5.Qe2 Nf6 6.Bg2 Be7 7.O-O O-O 8.e5 Nd7 
9.c4 Re8 10.h4 Nf8 11.h5 f5 12.exf6 Bxf6 13.Nc3 b6 14.Nh2 Bb7 15.Ng4 Nd4 
16.Qd1 Kh8 17.Ne3 Nf5 18.Nxf5 Bxc3 19.bxc3 exf5 20.d4 cxd4 21.Qxd4 Ne6 22.
Qd1 Nc5 23.cxd5 Ne4 24.c4 Nc3 25.Qd3 Ne2+ 26.Kh2 Nxc1 27.Raxc1 Qg5 28.Bf3 
Rac8 29.Rfe1 h6 30.Qd4 Rxe1 31.Rxe1 Ba6 32.d6 Rd8 33.d7 Kh7 34.Re8 1-0

[Event "XIV Festival A"]
[Site "Bolzano - Bozen ITA"]
[Date "1999.06.12"]
[Round "1"]
[White "Blum, Gernot"]
[Black "Ortega, Lexy"]
[WhiteElo "2128"]
[BlackElo "2485"]
[Result "1/2-1/2"]
[PlyCount "106"]
[EventDate "1999.06.12"]

1.c4 e6 2.e4 c5 3.Nc3 Nc6 4.f4 Nge7 5.Be2 d5 6.d3 dxc4 7.dxc4 Qxd1+ 8.Bxd1
Nd4 9.Nf3 Nec6 10.O-O Bd7 11.Be3 O-O-O 12.Rc1 Be7 13.Ba4 Nxf3+ 14.Rxf3 Nb4
15.Rff1 Bxa4 16.Nxa4 b6 17.a3 Nc6 18.Rcd1 Na5 19.Rc1 Rd3 20.Kf2 Rhd8 21.
Rc2 Kb7 22.Ke2 f5 23.e5 Nb3 24.Nc3 R3d7 25.Nb1 g5 26.g3 h6 27.Rc3 Nd4+ 28.
Bxd4 Rxd4 29.b3 h5 30.Rc2 Re4+ 31.Kf2 gxf4 32.Nd2 fxg3+ 33.hxg3 Rxe5 34.
Rh1 Rh8 35.Nf3 Re4 36.Rd2 Kc6 37.Rhd1 h4 38.Rd7 hxg3+ 39.Kg2 Re8 40.Rxa7 
Bd6 41.b4 cxb4 42.axb4 Re7 43.Rxd6+ Kxd6 44.c5+ bxc5 45.bxc5+ Kxc5 46.Rxe7
f4 47.Rc7+ Kd6 48.Rc2 e5 49.Rd2+ Ke7 50.Kh3 Re3 51.Kg4 Kf6 52.Rd6+ Kf7 53.
Rd2 Ke7 1/2-1/2

[Event "XIV Festival A"]
[Site "Bolzano - Bozen ITA"]
[Date "1999.06.12"]
[Round "1"]
[White "De Santis, Alessio"]
[Black "Komarov, Dimitri"]
[WhiteElo "2356"]
[BlackElo "2588"]
[Result "0-1"]
[PlyCount "78"]
[EventDate "1999.06.12"]

1.d4 d5 2.Nf3 c6 3.e3 Bg4 4.Be2 Nd7 5.O-O e6 6.b3 Bd6 7.Bb2 Qb8 8.Nbd2 
Ngf6 9.h3 Bf5 10.Nh4 O-O 11.Nxf5 exf5 12.c4 Re8 13.Bf3 Ne4 14.cxd5 cxd5 
15.Rc1 Qd8 16.Nxe4 fxe4 17.Be2 Re6 18.Bg4 Rg6 19.f4 exf3 20.Qxf3 Nf6 21.
Bf5 Rg3 22.Qf2 Qa5 23.Bc3 Qa3 24.Rc2 Re8 25.Bd2 Qa6 26.Bc1 Bb8 27.e4 dxe4 
28.Bxe4 h5 29.Bf5 Qd6 30.Bf4 Qxf4 31.Qxf4 Bxf4 32.Rxf4 g6 33.Kf2 h4 34.
Rxh4 Ree3 35.Rc8+ Kg7 36.Be4 g5 37.Bf3 Rexf3+ 38.gxf3 gxh4 39.Rc7 Rxh3 0-1

[Event "XIV Festival A"]
[Site "Bolzano - Bozen ITA"]
[Date "1999.06.12"]
[Round "1"]
[White "Epishin, Vladimir V."]
[Black "Quinn, Mark Peter"]
[WhiteElo "2578"]
[BlackElo "2346"]
[Result "1-0"]
[PlyCount "87"]
[EventDate "1999.06.12"]

1.d4 Nf6 2.c4 c5 3.d5 Qa5+ 4.Bd2 Qb6 5.Nc3 e6 6.e4 d6 7.Nf3 exd5 8.cxd5 
Bg4 9.Be2 Bxf3 10.gxf3 Nbd7 11.f4 g6 12.Qa4 Qb4 13.Qc2 Rc8 14.O-O Be7 15.
Rae1 O-O 16.Bf3 Ne8 17.e5 Ng7 18.Ne4 Qb6 19.Bg4 Qd8 20.Bc3 f5 21.exf6 Nxf6
22.Bxc8 Qxc8 23.Ng3 Bd8 24.f5 gxf5 25.Qd3 f4 26.Ne4 Qf5 27.Qf3 Nxd5 28.
Bxg7 Kxg7 29.Kh1 Be7 30.Nc3 Nxc3 31.Rxe7+ Kf6 32.Rfe1 Qd5 33.Qxd5 Nxd5 34.
Rxb7 Rf7 35.Rxf7+ Kxf7 36.Kg2 Nb4 37.Kf3 Kf6 38.Rd1 Ke5 39.h4 Nc6 40.h5 
Nd8 41.h6 Nf7 42.Rh1 Ng5+ 43.Kg4 Nf7 44.Re1+ 1-0

[Event "XIV Festival A"]
[Site "Bolzano - Bozen ITA"]
[Date "1999.06.12"]
[Round "1"]
[White "Farago, Ivan"]
[Black "De Eccher, Stefano"]
[WhiteElo "2533"]
[BlackElo "2270"]
[Result "1-0"]
[PlyCount "59"]
[EventDate "1999.06.12"]

1.d4 d5 2.c4 c6 3.Nf3 Nf6 4.Nc3 dxc4 5.a4 Bf5 6.Ne5 e6 7.f3 Bb4 8.e4 Bxe4 
9.fxe4 Nxe4 10.Bd2 Qxd4 11.Nxe4 Qxe4+ 12.Qe2 Bxd2+ 13.Kxd2 Qd5+ 14.Kc3 b5 
15.Qe3 O-O 16.axb5 cxb5 17.Be2 Nd7 18.Nxd7 Qxd7 19.Bf3 Rac8 20.Rxa7 b4+ 
21.Kc2 Qb5 22.Rd1 Rfd8 23.Rxd8+ Rxd8 24.Qd4 Rf8 25.Rb7 Qa4+ 26.Kb1 b3 27.
Qa7 Qe8 28.Qc5 Qa4 29.Ra7 Qe8 30.Ra8 1-0

[Event "XIV Festival A"]
[Site "Bolzano - Bozen ITA"]
[Date "1999.06.12"]
[Round "1"]
[White "Jaenig, Reinhard"]
[Black "Kogan, Artur"]
[WhiteElo "2148"]
[BlackElo "2507"]
[Result "0-1"]
[PlyCount "86"]
[EventDate "1999.06.12"]

1.e4 Nc6 2.Nf3 d5 3.exd5 Qxd5 4.d4 Bg4 5.Be2 O-O-O 6.Be3 e5 7.Nc3 Qa5 8.
Nxe5 Bxe2 9.Qxe2 Nxe5 10.dxe5 Qxe5 11.Qb5 Qxb5 12.Nxb5 a6 13.Nd4 Nf6 14.c3
Ng4 15.Bg5 Re8+ 16.Kf1 Bc5 17.Rd1 Re5 18.Nf3 Nxf2 19.Nxe5 Nxd1 20.Nd3 Be3 
21.Bxe3 Nxe3+ 22.Kf2 Re8 23.h3 Nc4 24.b3 Nd6 25.c4 c6 26.Kf3 Nf5 27.Kf4 
Nd4 28.Rd1 Ne6+ 29.Kf5 Rd8 30.Ke5 Nc5 31.Nf2 Rxd1 32.Nxd1 Kd7 33.Ne3 Nd3+ 
34.Kd4 Nc1 35.Kc5 Nxa2 36.Kb6 Nc1 37.Kxb7 a5 38.c5 Nxb3 39.Nc4 Nxc5+ 40.
Kb6 Nd3 41.Nxa5 Nf4 42.Nxc6 Nxg2 43.Kc5 Nf4 0-1

[Event "XIV Festival A"]
[Site "Bolzano - Bozen ITA"]
[Date "1999.06.12"]
[Round "1"]
[White "Jonkman, Harmen"]
[Black "Hamdouchi, Hichem"]
[WhiteElo "2321"]
[BlackElo "2564"]
[Result "0-1"]
[PlyCount "88"]
[EventDate "1999.06.12"]

1.e4 e6 2.d4 d5 3.e5 c5 4.c3 Nc6 5.Nf3 Bd7 6.Be2 Nge7 7.O-O Ng6 8.Be3 Be7 
9.a3 c4 10.b3 cxb3 11.Qxb3 Na5 12.Qa2 Rc8 13.Nfd2 O-O 14.a4 f6 15.exf6 
Rxf6 16.g3 Nh8 17.Bg5 Rf7 18.Bxe7 Rxe7 19.Rc1 b6 20.Ba6 Rc7 21.Nf3 Qf8 22.
Kg2 Be8 23.Bd3 Bg6 24.Bxg6 Nxg6 25.Re1 Qf6 26.Ne5 Nxe5 27.Rxe5 Re8 28.Re3 
Rf7 29.Na3 Ref8 30.Rf1 Qg6 31.Qe2 Rf6 32.c4 Qf5 33.Kg1 Nc6 34.Qd1 Rd8 35.
cxd5 Qxd5 36.Nc2 e5 37.Qh5 Rh6 38.Qg5 exd4 39.Re8+ Kf7 40.Qxd5+ Rxd5 41.
Rc8 Rc5 42.Na3 Ne5 43.Rd8 Nf3+ 44.Kg2 Rc3 0-1

[Event "XIV Festival A"]
[Site "Bolzano - Bozen ITA"]
[Date "1999.06.12"]
[Round "1"]
[White "Khenkin, Igor"]
[Black "Lehtivaara, Petri"]
[WhiteElo "2641"]
[BlackElo "2359"]
[Result "1-0"]
[PlyCount "97"]
[EventDate "1999.06.12"]

1.d4 Nf6 2.c4 e6 3.Nf3 Bb4+ 4.Bd2 a5 5.Nc3 d5 6.Bg5 h6 7.Bxf6 Qxf6 8.a3 
Bxc3+ 9.bxc3 O-O 10.e3 Nd7 11.Rb1 Rd8 12.Qb3 a4 13.Qa2 Ra5 14.Bd3 dxc4 15.
Qxc4 c5 16.Rb5 Rxb5 17.Qxb5 e5 18.O-O Qe7 19.dxe5 Nxe5 20.Be4 f5 21.Nxe5 
Qxe5 22.Qa5 Rf8 23.Bf3 b6 24.Qxb6 Qxc3 25.Qd6 Qf6 26.Qxc5 Be6 27.g3 Bb3 
28.Bd5+ Kh7 29.Bxb3 axb3 30.Qb4 b2 31.Rb1 Rd8 32.h4 Rd3 33.Qxb2 Qd6 34.Qb5
Rd5 35.Qb6 Qd7 36.h5 Rd2 37.Rf1 Qf7 38.Qb4 Ra2 39.a4 Qb3 40.Qf4 Qc2 41.Re1
Rxa4 42.e4 Ra5 43.e5 Kg8 44.e6 Qc3 45.Kf1 Qd3+ 46.Kg2 Ra8 47.Qe5 Re8 48.
Re3 Qc2 49.Qd5 1-0

[Event "XIV Festival A"]
[Site "Bolzano - Bozen ITA"]
[Date "1999.06.12"]
[Round "1"]
[White "Mantovani, Renzo"]
[Black "Bertagnolli, Alexander"]
[WhiteElo "2377"]
[BlackElo "1978"]
[Result "1-0"]
[PlyCount "83"]
[EventDate "1999.06.12"]

1.e4 g6 2.d4 Bg7 3.Nc3 c6 4.Nf3 d5 5.h3 Nf6 6.e5 Ne4 7.Bd3 Nxc3 8.bxc3 c5 
9.O-O O-O 10.Re1 Qa5 11.Bg5 f6 12.exf6 exf6 13.Bf4 c4 14.Bf1 Qxc3 15.Bd6 
Bf5 16.Bxf8 Bxf8 17.Qb1 Qb4 18.Re8 a5 19.Rd8 Be6 20.Qe1 Qe7 21.Rb1 Kf7 22.
Rb6 Ra6 23.Rxa6 Nxa6 24.Qxa5 Nb4 25.Qb6 Nc6 26.Ra8 Qb4 27.Qc7+ Qe7 28.Qb6 
Qb4 29.Qc7+ Qe7 30.Qf4 Kg7 31.g4 h6 32.c3 Qd6 33.Qe3 Be7 34.Bg2 Bd8 35.Nh2
Bf7 36.Nf1 Ba5 37.Qc1 b5 38.Ne3 b4 39.cxb4 Bxb4 40.Ra6 Qd7 41.Qb1 Nb8 42.
Rb6 1-0

[Event "XIV Festival A"]
[Site "Bolzano - Bozen ITA"]
[Date "1999.06.12"]
[Round "1"]
[White "Mitkov, Nikola"]
[Black "Moncher, Stefano"]
[WhiteElo "2483"]
[BlackElo "2120"]
[Result "1-0"]
[PlyCount "111"]
[EventDate "1999.06.12"]

1.e4 e6 2.Nc3 d5 3.d4 Bb4 4.e5 c5 5.a3 Bxc3+ 6.bxc3 Ne7 7.Qg4 Qc7 8.Qxg7 
Rg8 9.Qxh7 cxd4 10.Ne2 Nbc6 11.f4 Bd7 12.Qd3 dxc3 13.Rb1 O-O-O 14.Nxc3 Na5
15.Rg1 Nc4 16.g4 Kb8 17.Rg3 Rc8 18.Ne2 Ba4 19.Rb4 Nb6 20.Nc3 Bd7 21.h4 Nc6
22.Rb1 Na5 23.h5 Na4 24.Bd2 Nc4 25.Nxa4 Bxa4 26.Rb4 Nxd2 27.Qxd2 Qxc2 28.
Qxc2 Bxc2 29.Ba6 Rc7 30.Kd2 Rgc8 31.Rb2 Be4 32.Rgb3 d4 33.Bd3 Bf3 34.h6 
Bxg4 35.Be4 b6 36.h7 Rh8 37.Rg3 Bf5 38.Bxf5 exf5 39.Rg8+ Rc8 40.Rg7 Rcf8 
41.Rb4 Kc7 42.Rxd4 Kc6 43.Kc3 a5 44.Rd6+ Kc5 45.Rd7 b5 46.Rgxf7 b4+ 47.
axb4+ axb4+ 48.Kb3 Ra8 49.Ra7 Rad8 50.Rfd7 Rde8 51.Rac7+ Kb5 52.Rb7+ Kc6 
53.Rdc7+ Kd5 54.Rc4 Ra8 55.Rd7+ Ke6 56.Rd6+ 1-0

[Event "XIV Festival A"]
[Site "Bolzano - Bozen ITA"]
[Date "1999.06.12"]
[Round "1"]
[White "Mukic, Josko"]
[Black "Delchev, Aleksander"]
[WhiteElo "2285"]
[BlackElo "2548"]
[Result "0-1"]
[PlyCount "106"]
[EventDate "1999.06.12"]

1.Nf3 c5 2.g3 g6 3.Bg2 Bg7 4.O-O e5 5.d3 Ne7 6.e4 O-O 7.Nc3 Nbc6 8.a3 d6 
9.b4 Nd4 10.bxc5 dxc5 11.Nd2 b5 12.Rb1 Ba6 13.Nd5 Nxd5 14.exd5 c4 15.c3 
Nf5 16.dxc4 bxc4 17.Qa4 Bc8 18.Nxc4 Bd7 19.Qa5 Rc8 20.Qxd8 Rfxd8 21.Na5 
Rxc3 22.Bb2 Rc2 23.Rfc1 Rxc1+ 24.Rxc1 Rb8 25.Bc3 Nd4 26.Bxd4 exd4 27.Be4 
Bf8 28.Nc6 Re8 29.Bd3 Bxa3 30.Rb1 Bc5 31.Kg2 Kf8 32.Nb8 Bg4 33.h3 Bc8 34.
Nc6 Bb6 35.g4 Bb7 36.g5 Bxc6 37.dxc6 Re5 38.Rc1 Rxg5+ 39.Kf3 Bc7 40.Ke4 
Rh5 41.Bf1 Rf5 42.Rc2 Ke7 43.Kxd4 Bb6+ 44.Ke4 Rxf2 45.Rxf2 Bxf2 46.Kd5 Bg3
47.Ba6 Kf6 48.h4 Bc7 49.Bd3 a5 50.Bc2 h6 51.Ke4 Ke6 52.Bb3+ Ke7 53.Kd5 f5 
0-1

[Event "XIV Festival A"]
[Site "Bolzano - Bozen ITA"]
[Date "1999.06.12"]
[Round "1"]
[White "Peric, Slavisa"]
[Black "Delanoy, Arnaud"]
[WhiteElo "2499"]
[BlackElo "2133"]
[Result "1/2-1/2"]
[PlyCount "118"]
[EventDate "1999.06.12"]

1.d4 d5 2.Nf3 Nf6 3.e3 Bf5 4.c4 c6 5.Qb3 Qc7 6.Nc3 e6 7.Bd2 Nbd7 8.Rc1 Qb6
9.Qxb6 axb6 10.Nh4 Bg6 11.a3 dxc4 12.Nxg6 hxg6 13.Bxc4 b5 14.Be2 b4 15.
axb4 Bxb4 16.O-O O-O 17.Ra1 Nb6 18.Rfb1 Rfd8 19.Be1 Rxa1 20.Rxa1 Ra8 21.
Rxa8+ Nxa8 22.Kf1 Kf8 23.Bd3 Nb6 24.Ke2 Ke8 25.f3 Nfd5 26.Bd2 Kd7 27.e4 
Nf6 28.Be3 Kc7 29.Bf4+ Kd7 30.g4 Ne8 31.h3 Bd6 32.Be3 Kc7 33.f4 Be7 34.Kd2
Nd6 35.b3 Ne8 36.Kc2 Bb4 37.Ne2 Nd6 38.Ng1 f5 39.e5 Ndc8 40.Bc4 Nd5 41.Bc1
Nce7 42.Nf3 Kd7 43.Bf1 Ba5 44.Ng1 Nb4+ 45.Kd1 Nbd5 46.Ne2 Nc3+ 47.Kc2 Nxe2
48.Bxe2 Nd5 49.Bc4 Bb6 50.Bxd5 cxd5 51.Kd3 Bd8 52.Ba3 g5 53.gxf5 exf5 54.
Bf8 g6 55.Ke3 Ke6 56.Bh6 gxf4+ 57.Kxf4 Bb6 58.Ke3 Bd8 59.Kf4 Bb6 1/2-1/2

[Event "XIV Festival A"]
[Site "Bolzano - Bozen ITA"]
[Date "1999.06.12"]
[Round "1"]
[White "Rigo, Gianfrancesco"]
[Black "Bukal, Vladimir sr"]
[WhiteElo "2022"]
[BlackElo "2407"]
[Result "0-1"]
[PlyCount "78"]
[EventDate "1999.06.12"]

1.e4 e6 2.d3 d5 3.Nd2 Nf6 4.Ngf3 b6 5.g3 dxe4 6.dxe4 Bb7 7.Bg2 Nxe4 8.O-O 
Nf6 9.Qe2 Be7 10.b3 O-O 11.Bb2 Nbd7 12.Rad1 Qc8 13.Rfe1 a5 14.Bh3 Nc5 15.
a3 Re8 16.Ne5 Bf8 17.Ndc4 Nce4 18.Nd3 b5 19.Ne3 b4 20.a4 Nc3 21.Bxc3 bxc3 
22.Ne5 Ra6 23.Qc4 Rb6 24.Qh4 Rb4 25.N3c4 Bd5 26.g4 Nd7 27.Qg3 Nxe5 28.Nxe5
Ba8 29.Qxc3 Qb7 30.f3 Rf4 31.Qe3 g5 32.Bg2 f6 33.Nd3 Rxg4 34.Nf2 Rf4 35.
Ne4 Qc6 36.h4 Rxe4 37.fxe4 Bc5 38.Rd4 e5 39.hxg5 Bxd4 0-1

[Event "XIV Festival A"]
[Site "Bolzano - Bozen ITA"]
[Date "1999.06.12"]
[Round "1"]
[White "Safranska, Anda"]
[Black "Chatalbashev, Boris"]
[WhiteElo "2253"]
[BlackElo "2524"]
[Result "1-0"]
[PlyCount "81"]
[EventDate "1999.06.12"]

1.Nf3 g6 2.g3 Bg7 3.Bg2 e5 4.d3 d5 5.O-O Ne7 6.e4 O-O 7.Re1 d4 8.c3 c5 9.
cxd4 cxd4 10.Na3 Nbc6 11.Bd2 a6 12.Rc1 h6 13.Rc2 Be6 14.b4 b5 15.Nb1 Rc8 
16.Rb2 f5 17.exf5 gxf5 18.Bf4 Ng6 19.Bc1 e4 20.dxe4 fxe4 21.Rxe4 Bd5 22.
Re1 Qf6 23.Nh4 Bxg2 24.Nxg2 Nce5 25.Bf4 d3 26.Rb3 Rc2 27.Nc3 Nxf4 28.gxf4 
Qc6 29.Ne4 Nc4 30.Qxd3 Rxa2 31.Qb1 Ra1 32.Qc2 Rxe1+ 33.Nxe1 Re8 34.f3 Kh8 
35.Ng2 Rg8 36.Kh1 Bd4 37.Rd3 Ba7 38.Rd6 Rxg2 39.Qc3+ Kh7 40.Kxg2 Qc8 41.
Rd7+ 1-0

[Event "XIV Festival A"]
[Site "Bolzano - Bozen ITA"]
[Date "1999.06.12"]
[Round "1"]
[White "Sax, Gyula"]
[Black "Timmermans, Ivo"]
[WhiteElo "2524"]
[BlackElo "2249"]
[Result "1-0"]
[PlyCount "83"]
[EventDate "1999.06.12"]

1.e4 e5 2.Nf3 Nc6 3.Bb5 a6 4.Ba4 Nf6 5.O-O Nxe4 6.d4 b5 7.Bb3 d5 8.dxe5 
Be6 9.c3 Bc5 10.Qd3 O-O 11.Be3 Bxe3 12.Qxe3 f6 13.exf6 Qxf6 14.Nbd2 Nxd2 
15.Qxd2 Rad8 16.Nd4 Na5 17.Bc2 Bf7 18.b4 Nc4 19.Qd1 Bg6 20.Bb3 Nb2 21.Qe2 
Nd3 22.Qe6+ Kh8 23.Bxd5 Qg5 24.Bf3 Rd6 25.Qe3 Qf6 26.Rad1 Re8 27.Qd2 Red8 
28.a3 c5 29.bxc5 Nxc5 30.Qe3 Re8 31.Qc1 Rc8 32.Bg4 Rc7 33.Qe3 h5 34.Qh3 
Ne4 35.Bxh5 Rxc3 36.Bf3+ Kg8 37.Qg4 Rxd4 38.Rxd4 Qxd4 39.Qxg6 Nf6 40.Rd1 
Qb6 41.h4 Qc7 42.h5 1-0